000 00628nam a2200253Ia 4500
005 20260121153844.0
008 008 260114s9999 xx 000 0 eng d
020 _a9780429315572
037 _aEBOOK
040 _aCRL
040 _beng
040 _cCRL
041 _2eng
041 _aeng
084 _qCRL
100 _aMargo Thorning; Mark A Bloomfield; Charls E. Walker
_9999968
245 4 _aThe U.S. Savings Challenge
260 _bTaylor and Francis
260 _c1991
856 _uhttp://www.taylorfrancis.com/books/9780429315572
942 _cEBOOK
999 _c1566789
_d1566789